000 00633nam a2200229Ia 4500
003 OSt
005 20220928110353.0
006 a|||||r|||| 00| 0
007 ta
008 220927b |||||||| |||| 00| 0 eng d
024 _a40339
037 _cTextual
040 _aSDCL
_cSDCL
_beng
041 _2eng
_aeng
082 _aX62:11.40j73'N8, M8
100 _aMcKinnon Ronald I
245 0 _aFinancial liberalization and economic development.
260 _aCalifornia
_bICS Press
_c1988
300 _a46p
_ccm.
942 _hX62:11.40j73'N8, M8
_cTEXL
_2CC
999 _c735303
_d735303